000 00634nam a2200217 a 4500
999 _c2906
_d2906
001 2906
003 BD-JhCC
005 20171108101640.0
008 171108s1973 bg |||| ||a| 000 0 ben d
035 _a(BD-JhCC)2906
040 _aBD-JhCC
_dBD-JhCC
041 _aben
082 _a891.4415
_bISL 1973
100 _aইসলাম, কাজী নজরুল
245 _aসঞ্চিতা /
_cকাজী নজরুল ইসলাম,
260 _aঢাকা :
_bমাওলা ব্রাদার্স,
_c1973
300 _a128 P. :
_c22 cm.
650 _aBengali Peotry
942 _2ddc
_cBK